00391nam a22001457a 450000500170000000800410001702000140005804100130007208200120008510000120009724500280010926000520013730000310018965000250022020250602135725.0250602b |||||||| |||| 00| 0 eng d a0258249X  aEnglish  a349 IND lEnglish aIndustrial Law Journal  aCape Town: bJuta and Company (Pty) Ltd, c2025 bviii, 704 pages; c25 cm.  aLegal practice bLaw